=LDR 00000nam 2200000 4500 =001 INLIS000000000039368 =005 20130612145011 =008 ***********************************ind** =035 ##$$0010-061300000039368 =041 ##$$a ind =082 ##$$a 639.39 =090 ##$$a 639.39 , Sus, d =100 ##$$a SUSILO, Agus Broto =245 ##$$a Dahsyatnya Bisnis Tokek , Agus Broto Susilo =260 ##$$a 2010 $b Jakarta =300 ##$$a 90 hlm. , Illus. , 23 cm =650 ##$$a TOKEK =700 ##$$a RAHMAT, PURWADAKSI =850 ##$$a NBPNMAT